Sistema de control de riego

Guardado en:
書目詳細資料
主要作者: Alvarado Hernández, Johnny
格式: 圖書
出版: [San José , Costa Rica] 1992
標簽: 添加標簽
沒有標簽, 成為第一個標記此記錄!

MARC

LEADER 00000nam a2200000Ia 4500
003 005379
005 20221231144326.0
008 140114s1992 cr a m 000 ||s d
040 |c cru CEDI 
090 |a TFG 2527 
100 |a Alvarado Hernández, Johnny  |9 10949 
245 |a Sistema de control de riego 
260 |c 1992  |a [San José , Costa Rica] 
300 |a 68 hojas :ilustraciones a color 
500 |a Proyecto de graduación (bachiller en ingeniería eléctrica)--Universidad de Costa Rica. Facultad de Ingeniería. Escuela de Ingeniería Eléctrica 
942 |c TFG  |2 ddc 
999 |c 20180  |d 20180